zpět

Detail výsledku týmu

Bar 12 opic, Prostějov

Datum a čas kvízu

26 Celkem bodů Celkový počet nahraných bodů na tomto kvízu bez doplňovacích otázek.
9. Pořadí na kvízu Konečné umístění týmu na tomto kvízu.

Zaznamenané odpovědi

# Otázka Odpověď Body Výsledky
1. Nezvyklou předehru měl odlet č... drogy 1
2. Tisíce lidí se v neděli v podv... V Polsku. 1
3. Minulý týden měl premiéru doku... Olga Malířová Špátová 0
4. Společnost Blue Origin Jeffa B... James T. Kirk 0
5. Italští fotbalisté okusili po... Španělsko 1
-14. Po Středočeském kraji nás v da... Španělský sál 0
-13. Oblíbenou atrakcí našeho hlavn... Nebozízek 0
-12. Místem, které rozhodně stojí z... Moja 1
-11. Kterou z následujících soch ne... D 0
-10. Seřaďte následující zahraniční... 1C 2D 3A 4B 0